Disease, pain, and suicidal behavior /

Bibliographic Details
Main Author: Stenager, Elsebeth
Other Authors: Stenager, Egon
Format: Book
Language:English
Published: New York : Haworth Medical Press, [1998]
Subjects:

MARC

Tag First Indicator Second Indicator Subfields
LEADER 00000cam a2200000 a 4500
001 in00001409994
005 20151020060824.0
008 970418s1997 nyu b 001 0 eng
010 |a  97015308  
020 |a 078900111X (hard : alk. paper) 
020 |a 0789002957 (pbk. : alk. paper) 
035 |a (OCoLC)36800578 
035 |9 AHN7951AM 
040 |a DLC  |c DLC  |d TXA  |d UtOrBLW 
049 |a TXAM 
050 0 0 |a RC569  |b .S82 1998 
082 0 0 |a 616.85/8445  |2 21 
100 1 |a Stenager, Elsebeth. 
245 1 0 |a Disease, pain, and suicidal behavior /  |c Elsebeth Nylev Stenager, Egon Stenager. 
264 1 |a New York :  |b Haworth Medical Press,  |c [1998] 
264 4 |c ©1998 
300 |a xii, 127 pages ;  |c 22 cm. 
336 |a text  |b txt  |2 rdacontent 
337 |a unmediated  |b n  |2 rdamedia 
338 |a volume  |b nc  |2 rdacarrier 
504 |a Includes bibliographical references (pages 105-121) and index. 
650 0 |a Suicidal behavior. 
650 0 |a Psychological manifestations of general diseases. 
700 1 |a Stenager, Egon. 
948 |a c:ce 
999 |a MARS 
999 f f |s c5c3d97c-c79e-372a-9bb1-c76660513b8d  |i f70a7031-33f5-36e6-83b8-128782980147  |t 0 
952 f f |p ric  |a Texas A&M University  |b Rellis Campus  |c Joint Library Facility  |d Remote Storage  |t 0  |e RC569 .S82 1998  |h Library of Congress classification  |i unmediated -- volume  |m A14822214622 
998 f f |a RC569 .S82 1998  |t 0  |l Remote Storage